00811nam a22002297a 450000500170000001000150001702000270003202000240005903500130008303700130009608200110010910000180012024501150013826000460025327000390029930000230033849000330036170000190039494200250041399900190043895201240045720160726161409.0 aENG-115540 a9788192512174c1100.00 a8192512177c1100.00 aEN-99072 bDBAD/PUB a280.21 aSpalding,B.J. aBible history of the old and new testaments with Compendium history /cby B.J. Spalding [and] Johan A. Dillon aNew DelhibChristian World Imprintsc2013 aH-12,Bali NagarbNew Delhie110015 aiv,332p.c23cm(Hb) aChristian Classics Revived-2 aDillon John A. 2ddccENh280.21mSPA c101490d101490 001040708NFICaBL4bBL4d2016-07-26eDBAD/PUBg1100.00l0o280.21 SPApEN-99072r2016-07-26 00:00:00t1v1100.00yEN